[Event "Open A"]
[Site "?"]
[Date "2007.08.27"]
[Round "4.20"]
[White "Misicko, Jan"]
[Black "Postupa, Martin"]
[Result "1/2-1/2"]
[WhiteElo "2113"]
[BlackElo "2146"]
[PlyCount "82"]
[EventDate "2007.08.27"]
[SourceDate "2007.08.27"]

1. c4 e5 2. g3 Nc6 3. Bg2 g6 4. Nc3 Bg7 5. e4 d6 6. Nge2 Nh6 7. d3 O-O 8. O-O
f5 9. f4 Be6 10. Rb1 Qd7 11. b4 Rae8 12. b5 Nd8 13. Rb4 c5 14. Rb1 b6 15. Nd5
fxe4 16. dxe4 Bh3 17. Rb3 Bxg2 18. Kxg2 exf4 19. Rxf4 Ne6 20. Rxf8+ Rxf8 21.
Ndf4 g5 22. Nxe6 Qxe6 23. Qd5 Qxd5 24. exd5 Ng4 25. Be3 h6 26. Ng1 Re8 27. Bd2
Re4 28. Kf3 Rxc4 29. Ra3 Nxh2+ 30. Ke2 Re4+ 31. Kd3 Rd4+ 32. Kc2 Rxd5 33. Rxa7
Nf1 34. Bc1 c4 35. a4 c3 36. Ne2 Rc5 37. Ra6 Re5 38. Kd3 Rd5+ 39. Kc2 Re5 40.
Kd3 Rd5+ 41. Kc2 Re5 1/2-1/2

[Event "OPEN A"]
[Site "?"]
[Date "2007.08.27"]
[Round "4.23"]
[White "Fojtu, Jan"]
[Black "Pokorny, Jiri"]
[Result "1-0"]
[WhiteElo "2019"]
[BlackElo "1955"]
[PlyCount "43"]
[EventDate "2007.08.27"]
[SourceDate "2007.08.27"]

1. e4 c5 2. Nf3 d6 3. d4 cxd4 4. Nxd4 Nf6 5. Bd3 g6 6. O-O Bg7 7. c4 O-O 8. h3
Nc6 9. Be3 Nd7 10. Be2 Nc5 11. Nc3 Ne6 12. Nxe6 Bxe6 13. Rc1 Qa5 14. a3 a6 15.
Nd5 Bxb2 16. Rb1 Qxa3 17. Qd2 Bxd5 18. exd5 Bc3 19. Qd3 Nb4 20. Qd1 Qa5 21. Qb3
Na2 22. Bb6 1-0

[Event "OPEN A"]
[Site "?"]
[Date "2007.08.27"]
[Round "4.26"]
[White "Moravec, Vit"]
[Black "Kaiser, Rudolf"]
[Result "1-0"]
[WhiteElo "2020"]
[BlackElo "1948"]
[PlyCount "67"]
[EventDate "2007.08.27"]
[SourceDate "2007.08.27"]

1. c4 f5 2. g3 Nf6 3. Bg2 e6 4. d4 Be7 5. Nc3 Bb4 6. Bd2 O-O 7. e3 Bxc3 8. Bxc3
d6 9. b4 Qe7 10. Ne2 e5 11. O-O Ne4 12. Bb2 c6 13. Nc3 Nxc3 14. Bxc3 f4 15.
exf4 exf4 16. Bd2 f3 17. Bxf3 Qf7 18. Bg2 Qxc4 19. Qb3 Qxb3 20. axb3 Be6 21.
Rfe1 Kf7 22. b5 Bd5 23. Bxd5+ cxd5 24. Rac1 a6 25. Rc7+ Kf6 26. Re3 Kg6 27.
Ree7 axb5 28. Rxg7+ Kf6 29. Rxh7 Nc6 30. g4 Ke6 31. Bg5 Rf6 32. f4 Ra1+ 33. Kg2
Ra2+ 34. Kg3 1-0

[Event "OPEN A"]
[Site "?"]
[Date "2007.08.27"]
[Round "4.28"]
[White "Lavrincik, Pavel"]
[Black "Zlamal, Frantisek"]
[Result "0-1"]
[WhiteElo "1993"]
[BlackElo "1868"]
[PlyCount "66"]
[EventDate "2007.08.27"]
[SourceDate "2007.08.27"]

1. c4 c5 2. Nc3 Nc6 3. e4 e5 4. g3 g6 5. Bg2 Bg7 6. Nge2 Nge7 7. O-O O-O 8. d3
d6 9. h3 Kh8 10. Be3 f5 11. f4 Nd4 12. Nd5 Nxd5 13. exd5 Qc7 14. Qd2 Bd7 15.
fxe5 dxe5 16. Nxd4 cxd4 17. Bh6 Rae8 18. Bxg7+ Kxg7 19. Rac1 b6 20. b4 f4 21.
gxf4 Rxf4 22. Rxf4 exf4 23. Be4 Bxh3 24. Qh2 Bd7 25. Kf2 Qe5 26. Rh1 h5 27. Rg1
Bg4 28. Rc1 Qg5 29. Re1 f3 30. Kf1 f2 31. Kxf2 Rf8+ 32. Kg1 Bf3+ 33. Qg3 Qxg3+
0-1

[Event "OPEN A"]
[Site "?"]
[Date "2007.08.27"]
[Round "4.8"]
[White "Purnoch, Josef"]
[Black "Hrubant, Ivan"]
[Result "1/2-1/2"]
[WhiteElo "2184"]
[BlackElo "2119"]
[PlyCount "64"]
[EventDate "2007.08.27"]
[SourceDate "2007.08.27"]

1. d4 Nf6 2. c4 g6 3. Nc3 Bg7 4. Nf3 O-O 5. g3 d5 6. cxd5 Nxd5 7. Qb3 Nb6 8.
Bg2 Nc6 9. Bf4 Nxd4 10. Nxd4 e5 11. Bxe5 Bxe5 12. Nf3 Be6 13. Qc2 Bg7 14. Rd1
Qe7 15. O-O Qc5 16. Rc1 c6 17. Ne1 Rad8 18. Nd3 Qa5 19. b4 Qg5 20. h4 Qe7 21.
Nc5 Bc4 22. Rfe1 f5 23. N3a4 Bd5 24. Nxb6 axb6 25. e4 bxc5 26. exd5 Qc7 27.
dxc6 bxc6 28. Qxc5 Bd4 29. Qxc6 Qxg3 30. Qc4+ Rf7 31. Qxd4 Qxg2+ 32. Kxg2 Rxd4
1/2-1/2

[Event "OPEN A"]
[Site "?"]
[Date "2007.08.27"]
[Round "4.3"]
[White "Hausner, Ivan"]
[Black "Voracek, Miroslav"]
[Result "1-0"]
[WhiteElo "2393"]
[BlackElo "2153"]
[PlyCount "89"]
[EventDate "2007.08.27"]
[SourceDate "2007.08.27"]

1. d4 Nf6 2. c4 g6 3. Nc3 d5 4. cxd5 Nxd5 5. g3 Bg7 6. Bg2 Nb6 7. Nf3 Nc6 8. e3
Bg4 9. h3 Bxf3 10. Bxf3 e5 11. O-O exd4 12. exd4 O-O 13. d5 Na5 14. Bf4 Nac4
15. Qc2 g5 16. Bc1 Nd6 17. Bg2 Qf6 18. f4 Qd4+ 19. Kh2 Rae8 20. fxg5 Nbc4 21.
Rf4 Ne3 22. Bxe3 Qxe3 23. Rh4 f5 24. gxf6 Rxf6 25. Qxh7+ Kf8 26. Rg4 Re7 27.
Rf1 Rxf1 28. Bxf1 Qd2+ 29. Bg2 Qxb2 30. Ne4 Nxe4 31. Rxe4 Rxe4 32. Qxe4 Qe5 33.
Qxe5 Bxe5 34. h4 b5 35. Kh3 a5 36. Be4 Ke7 37. g4 Kd6 38. g5 b4 39. h5 a4 40.
h6 b3 41. axb3 a3 42. Bb1 Kxd5 43. g6 Ke6 44. b4 Bf4 45. g7 1-0

[Event "OPEN A"]
[Site "?"]
[Date "2007.08.27"]
[Round "4.16"]
[White "Vanka, Miloslav"]
[Black "Sirota, Sergej"]
[Result "1-0"]
[WhiteElo "2194"]
[BlackElo "2009"]
[PlyCount "147"]
[EventDate "2007.08.27"]
[SourceDate "2007.08.27"]

1. d4 d5 2. Nf3 Nf6 3. Bg5 e6 4. e3 Nbd7 5. Nbd2 Be7 6. Bd3 O-O 7. c3 c5 8. Ne5
Nxe5 9. dxe5 Nd7 10. Bxe7 Qxe7 11. f4 c4 12. Bc2 Rd8 13. Qh5 Nf8 14. O-O b5 15.
Rf3 g6 16. Qh6 f5 17. exf6 Qxf6 18. e4 Qg7 19. Qxg7+ Kxg7 20. f5 exf5 21. exf5
Bb7 22. Re1 Re8 23. Rfe3 Kf7 24. Rxe8 Rxe8 25. Rxe8 Kxe8 26. Kf2 Ke7 27. g4 Kf6
28. Nf3 gxf5 29. Bxf5 a5 30. Ke3 b4 31. Kf4 h6 32. h4 Ng6+ 33. Bxg6 Kxg6 34.
Ne5+ Kg7 35. Ke3 bxc3 36. bxc3 Kf6 37. Kd4 Ke6 38. Ng6 Kd6 39. Nf4 a4 40. a3
Ba8 41. g5 hxg5 42. hxg5 Bc6 43. g6 Be8 44. Nxd5 Bxg6 45. Nb6 Kc6 46. Nxc4 Bh5
47. Nb2 Kb5 48. c4+ Ka5 49. Kd5 Be2 50. Kd6 Bf3 51. Nd3 Bg2 52. Ne5 Be4 53.
Nc6+ Kb6 54. Nd4 Bg2 55. c5+ Kb7 56. Nc2 Be4 57. Nb4 Bf3 58. Nd5 Bg4 59. c6+
Ka6 60. Kc5 Ka7 61. Nc3 Ka6 62. Nxa4 Ka5 63. Nc3 Bf5 64. Kd6 Kb6 65. Na4+ Kb5
66. Nc5 Bc8 67. Nd7 Ka5 68. Kc7 Ba6 69. Nc5 Be2 70. Kd6 Kb6 71. a4 Bg4 72. Nd7+
Ka6 73. a5 Bf3 74. c7 1-0

[Event "OPEN A"]
[Site "?"]
[Date "2007.08.27"]
[Round "4.21"]
[White "Marsalek, Lubomir"]
[Black "Havelka, Petr"]
[Result "1-0"]
[WhiteElo "2028"]
[BlackElo "1979"]
[PlyCount "133"]
[EventDate "2007.08.27"]
[SourceDate "2007.08.27"]

1. b3 d5 2. Bb2 e6 3. e3 Nf6 4. f4 c5 5. Nf3 Nbd7 6. Bb5 Be7 7. O-O O-O 8. a4
a6 9. Be2 b6 10. Ne5 Bb7 11. Qe1 Rc8 12. Na3 Qc7 13. d3 Rcd8 14. Bf3 Rb8 15.
Qg3 d4 16. Nxd7 Qxd7 17. Nc4 Bxf3 18. Rxf3 Qd5 19. e4 Qd8 20. f5 exf5 21. Rxf5
Nd7 22. Raf1 b5 23. axb5 axb5 24. Nd6 Bxd6 25. Qxd6 Rb6 26. Qf4 Qe7 27. Bc1 Re6
28. Qg3 Rg6 29. Qh3 Qe6 30. Qh4 f6 31. R1f3 Ne5 32. Rh3 h6 33. Rg3 Rxg3 34.
Qxg3 Kh7 35. h4 Ra8 36. Kh2 Qe8 37. Bf4 Nd7 38. Bd6 Rc8 39. Rf1 c4 40. bxc4
bxc4 41. Qg4 cxd3 42. cxd3 Rc3 43. Rf3 Ne5 44. Bxe5 Qxe5+ 45. Qg3 Rc7 46. Rf5
Qxg3+ 47. Kxg3 Rc3 48. Rf3 Kg6 49. Kf4 Kf7 50. e5 g5+ 51. hxg5 fxg5+ 52. Ke4+
Ke7 53. Kxd4 Ra3 54. Rf6 Ra4+ 55. Kd5 Ra5+ 56. Ke4 Ra2 57. g4 Re2+ 58. Kd5 Re3
59. d4 Rg3 60. Rxh6 Rxg4 61. Rh7+ Kf8 62. e6 Rf4 63. Ke5 Rf1 64. Kd6 Rf6 65.
Kd7 Kg8 66. Rh1 g4 67. e7 1-0

[Event "OPEN A"]
[Site "?"]
[Date "2007.08.27"]
[Round "4.2"]
[White "Vrana, Jan"]
[Black "Balhar, Jan"]
[Result "1-0"]
[WhiteElo "2271"]
[BlackElo "2226"]
[PlyCount "89"]
[EventDate "2007.08.27"]
[SourceDate "2007.08.27"]

1. e4 c6 2. d4 d5 3. exd5 cxd5 4. c4 Nf6 5. Nc3 e6 6. Nf3 Be7 7. a3 O-O 8. cxd5
Nxd5 9. Bd3 Nc6 10. O-O b6 11. Nxd5 Qxd5 12. Qc2 Nxd4 13. Nxd4 Qxd4 14. Bxh7+
Kh8 15. Be4 Rb8 16. Bf4 Bb7 17. Bxb8 Bxe4 18. Qc7 Bf6 19. Bxa7 Qxb2 20. Bxb6
Qb3 21. Bc5 Rb8 22. Rae1 Bg6 23. Re3 Qb2 24. Bb4 Rd8 25. Rf3 Qe2 26. Re3 Qg4
27. Rfe1 Kg8 28. Be7 Rd5 29. Bxf6 gxf6 30. Qg3 Qd4 31. h4 Kh7 32. Rb3 Qd2 33.
Qc3 Qf4 34. Rb4 Qh6 35. Qxf6 Qd2 36. Rf1 Rf5 37. Qb2 Qd3 38. Rb8 e5 39. Qb5 e4
40. Qe8 Qd4 41. Qg8+ Kh6 42. Qh8+ Qxh8 43. Rxh8+ Kg7 44. Rb8 Rf4 45. Ra1 1-0

[Event "OPEN A"]
[Site "?"]
[Date "2007.08.27"]
[Round "4.30"]
[White "Feierfeil, Jiri"]
[Black "Schmalz, Michal"]
[Result "0-1"]
[WhiteElo "1978"]
[BlackElo "1797"]
[PlyCount "100"]
[EventDate "2007.08.27"]
[SourceDate "2007.08.27"]

1. d4 Nf6 2. c4 g6 3. Nc3 Bg7 4. e4 d6 5. f3 O-O 6. Be3 e5 7. d5 a5 8. Bd3 Na6
9. Qd2 Nh5 10. g4 Nf4 11. h4 Nb4 12. Bf1 f5 13. gxf5 gxf5 14. a3 Na6 15. Nge2
Nc5 16. Bxc5 dxc5 17. Nxf4 exf4 18. O-O-O Ra6 19. Bd3 Kh8 20. Qe2 fxe4 21. Bxe4
Rh6 22. h5 Qg5 23. Rdg1 Qe5 24. Kb1 Rxh5 25. Rxh5 Qxh5 26. Qg2 Qf7 27. Ne2 Qf6
28. Nc3 Bf5 29. Ka1 Rg8 30. Qc2 Qd4 31. Rxg7 Rxg7 32. Bxf5 Rg1+ 33. Nb1 Qg7 34.
Ka2 Rg2 35. Qb3 b6 36. a4 Qe5 37. Be4 h5 38. d6 Qxd6 39. Nc3 Qd2 40. Nd5 h4 41.
Bf5 Qd4 42. Nc3 Rh2 43. Ka3 Qe5 44. Be4 h3 45. Qb5 Rd2 46. Qc6 Qd6 47. Qe8+ Kg7
48. Bf5 h2 49. Ne4 h1=Q 50. Nxd6 Qa1+ 0-1

[Event "OPEN A"]
[Site "?"]
[Date "2007.08.27"]
[Round "4.19"]
[White "Pospisil, Evzen"]
[Black "Hlavnicka, Jan"]
[Result "1-0"]
[WhiteElo "2127"]
[BlackElo "1996"]
[PlyCount "85"]
[EventDate "2007.08.27"]
[SourceDate "2007.08.27"]

1. d4 d5 2. Bf4 Nf6 3. e3 Bg4 4. Nf3 e6 5. Nbd2 Nbd7 6. c4 c5 7. Qb3 cxd4 8.
Qxb7 dxe3 9. fxe3 Qc8 10. Qxc8+ Rxc8 11. cxd5 Nxd5 12. Bb5 f6 13. O-O Bc5 14.
Ne4 e5 15. Rfc1 exf4 16. Nxc5 fxe3 17. Nxd7 Rxc1+ 18. Rxc1 Ke7 19. Nc5 Rb8 20.
a4 Kd6 21. Ne4+ Ke7 22. Nd4 Kf8 23. h3 Bh5 24. Rc5 Nf4 25. Ng3 Bg6 26. Nge2
Nxe2+ 27. Nxe2 a6 28. Bxa6 Rxb2 29. Rc3 Rb6 30. Bb5 Re6 31. Nf4 Re5 32. Nxg6+
hxg6 33. Be2 f5 34. Ra3 Ra5 35. g3 g5 36. Kg2 f4 37. Kf3 fxg3 38. Kxg3 Kf7 39.
Bb5 Kf6 40. Rxe3 Ra7 41. Ra3 Kf5 42. a5 Ke5 43. a6 1-0

[Event "Open A"]
[Site "?"]
[Date "????.??.??"]
[Round "4.32"]
[White "Zamrazil, Jan"]
[Black "Novotny, Pavel"]
[Result "0-1"]
[WhiteElo "1987"]
[BlackElo "1841"]
[PlyCount "60"]

1. d4 Nf6 2. c4 e6 3. Bg5 Be7 4. Nc3 b6 5. Nf3 Bb7 6. e3 Ne4 7. Bxe7 Qxe7 8.
Bd3 Nxc3 9. bxc3 f5 10. Qe2 O-O 11. e4 fxe4 12. Bxe4 Bxe4 13. Qxe4 Nc6 14. O-O
Rf7 15. Rfe1 Raf8 16. Re2 Rf4 17. Qd3 Qf6 18. Rf1 g5 19. Nd2 d6 20. Qg3 Qf5 21.
Qe3 e5 22. d5 Na5 23. g3 Nxc4 24. Nxc4 Rxc4 25. f3 Rf6 26. Ref2 Qg6 27. Kh1 Kg7
28. h3 Qf5 29. Kh2 Rh6 30. Kg2 Qxh3+ 0-1

[Event "Open A"]
[Site "?"]
[Date "????.??.??"]
[Round "4.12"]
[White "Keller, Daniel"]
[Black "Voracek, Zdenek"]
[Result "1-0"]
[WhiteElo "2139"]
[BlackElo "2061"]
[PlyCount "71"]

1. d4 Nf6 2. c3 d5 3. Bg5 Nbd7 4. Nf3 h6 5. Bf4 e6 6. Nbd2 Be7 7. e3 O-O 8. Bd3
c5 9. O-O b6 10. Ne5 Nxe5 11. Bxe5 a5 12. Qe2 Qd7 13. Rac1 Qa7 14. Rfe1 Ba6 15.
e4 Nd7 16. Bxa6 Qxa6 17. Qxa6 Rxa6 18. exd5 Bg5 19. Rcd1 exd5 20. Nf3 Re8 21.
dxc5 bxc5 22. Rxd5 Nxe5 23. Rdxe5 Rxe5 24. Rxe5 Bc1 25. Re8+ Kh7 26. Rb8 Kg6
27. Kf1 Kf6 28. Ke2 Rd6 29. Rb5 a4 30. b3 axb3 31. axb3 c4 32. bxc4 Ra6 33. Nd4
Ra2+ 34. Kf3 Bd2 35. Ne2 Ra3 36. Rd5 {cerny prekrocil casovy limit} 1-0

[Event "Open A"]
[Site "?"]
[Date "????.??.??"]
[Round "4.11"]
[White "Kojetsky, Pavel"]
[Black "Vevera, Radek"]
[Result "1-0"]
[WhiteElo "2147"]
[BlackElo "2069"]
[PlyCount "71"]

1. e4 c6 2. d4 d5 3. Nc3 dxe4 4. Nxe4 Nd7 5. Bc4 Ngf6 6. Ng5 e6 7. Qe2 Nb6 8.
Bb3 Bd6 9. N1f3 h6 10. Ne4 Nxe4 11. Qxe4 c5 12. dxc5 Bxc5 13. Bf4 Nd7 14. O-O-O
Qe7 15. Nd4 O-O 16. Rhe1 Nf6 17. Qf3 Rd8 18. Be5 a5 19. Rd2 a4 20. Bc4 a3 21.
b3 Nd5 22. Nf5 Qg5 23. h4 Qxf5 24. Qxf5 exf5 25. Bxd5 Be6 26. Bxb7 Rxd2 27.
Bxa8 Rd8 28. Bf3 Bxf2 29. Rh1 Be3+ 30. Kb1 f4 31. Be4 Rd2 32. Bc3 Rd8 33. Bb4
g5 34. hxg5 hxg5 35. Be7 Bd5 36. Bf6 1-0

[Event "Open A"]
[Site "?"]
[Date "????.??.??"]
[Round "4.15"]
[White "Tejkal, Jiri"]
[Black "Pokorny, Milan"]
[Result "1-0"]
[WhiteElo "2018"]
[BlackElo "2200"]
[PlyCount "63"]

1. d4 d5 2. Nf3 Nf6 3. c4 e6 4. Nc3 Be7 5. cxd5 exd5 6. Bg5 c6 7. Qc2 g6 8. e3
Bf5 9. Bd3 Bxd3 10. Qxd3 Nbd7 11. O-O O-O 12. Rab1 a5 13. Qc2 Re8 14. a3 Qc8
15. h3 Ne4 16. Bxe7 Nxc3 17. Qxc3 Rxe7 18. b4 a4 19. Rfc1 Nb6 20. b5 Nc4 21.
bxc6 bxc6 22. Nd2 Nxd2 23. Qxd2 Rb7 24. Rxb7 Qxb7 25. Qc2 Ra6 26. Rb1 Qc7 27.
Rb4 c5 28. dxc5 Ra5 29. Qb2 Ra8 30. Qd4 Ra5 31. c6 f5 32. Rb7 1-0

[Event "Open A"]
[Site "?"]
[Date "????.??.??"]
[Round "4.10"]
[White "Ptak, Pavel"]
[Black "Framberk, Jan"]
[Result "1-0"]
[WhiteElo "2162"]
[BlackElo "2072"]
[PlyCount "69"]

1. e4 c5 2. Nf3 d6 3. Bd3 Nc6 4. c3 d5 5. h3 Nf6 6. e5 Nd7 7. Bb5 e6 8. O-O Qb6
9. a4 a6 10. Bxc6 Qxc6 11. d4 b5 12. axb5 axb5 13. Rxa8 Qxa8 14. Na3 b4 15.
cxb4 cxb4 16. Nc2 Ba6 17. Re1 Be7 18. Bg5 Bxg5 19. Nxg5 h6 20. Nf3 Qb7 21. b3
Nb8 22. Re3 Nc6 23. Nh2 Qe7 24. Rg3 f5 25. exf6 Qxf6 26. Ng4 Qe7 27. Nce3 Kd7
28. Ne5+ Nxe5 29. dxe5 Rc8 30. Nc2 Rc3 31. Rxc3 bxc3 32. Qd4 Qg5 33. Qxc3 Qc1+
34. Kh2 Qf4+ 35. Qg3 {dale necitelne} 1-0

[Event "Open A"]
[Site "?"]
[Date "????.??.??"]
[Round "4.24"]
[White "Fikr, Lukas"]
[Black "Lexa, Vaclav"]
[Result "1-0"]
[WhiteElo "2134"]
[BlackElo "1937"]
[PlyCount "175"]

1. Nf3 e6 2. d4 d5 3. g3 Nf6 4. Bg2 Be7 5. O-O O-O 6. c4 c6 7. b3 Ne4 8. Bb2
Nd7 9. Ne1 Bg5 10. e3 f5 11. Qe2 Bh6 12. f3 Nd6 13. Nd2 Nf6 14. Ba3 Re8 15. Nd3
Nf7 16. Bb2 Qb6 17. Rae1 Bd7 18. Kh1 Rad8 19. a4 Bc8 20. c5 Qc7 21. f4 Kh8 22.
Ne5 g6 23. b4 Nxe5 24. dxe5 Nd7 25. Bd4 Bf8 26. Rb1 a5 27. Rfc1 axb4 28. Nb3
Nb8 29. Qd2 Na6 30. Bf1 Bd7 31. Bxa6 bxa6 32. Qxb4 Rb8 33. Qa5 Qa7 34. Nd2 Be7
35. Qc3 Rec8 36. a5 Rb5 37. Rxb5 axb5 38. Ra1 Ra8 39. Qb4 Qb7 40. Nb3 Ra6 41.
Bc3 Bd8 42. Qd4 Qa7 43. Bb4 Qc7 44. Ra2 Be7 45. Na1 Ra7 46. Nc2 Bc8 47. Qa1 Qd7
48. Nd4 Qc7 49. Kg2 Kg8 50. Kf3 Ra6 51. h3 Qa7 52. Nb3 Qc7 53. g4 fxg4+ 54.
hxg4 Ra7 55. Nd4 Bf8 56. Qe1 Bg7 57. Nb3 Qf7 58. Ke2 Bd7 59. g5 Qf5 60. Nd4 Qf7
61. Kd3 Bf8 62. Qd1 Be7 63. Kc3 Qf8 64. Nb3 Qf5 65. Qd3 Qxd3+ 66. Kxd3 Kg7 67.
Nd4 h6 68. gxh6+ Kxh6 69. Rh2+ Kg7 70. Nf3 Ra8 71. Rh1 Ra7 72. Nd4 Ra8 73. Nb3
Ra7 74. Be1 Ra8 75. Bh4 Bxh4 76. Rxh4 Rf8 77. Kc3 Ra8 78. Kb4 Be8 79. Nd4 Bd7
80. Rh2 Kg8 81. Ra2 Ra6 82. Nf3 Be8 83. Rh2 Ra7 84. Ng5 Bd7 85. Rh7 Rb7 86. a6
Ra7 87. Ka5 b4 88. Kb6 1-0

[Event "Open A"]
[Site "?"]
[Date "????.??.??"]
[Round "4.9"]
[White "Herejk, Petr"]
[Black "Koys, Milan"]
[Result "1/2-1/2"]
[WhiteElo "2188"]
[BlackElo "2113"]
[PlyCount "93"]

1. e4 Nf6 2. e5 Nd5 3. d4 d6 4. c4 Nb6 5. exd6 exd6 6. Be3 Be7 7. Nf3 Bg4 8.
Be2 O-O 9. Nc3 Nc6 10. b3 Re8 11. O-O d5 12. c5 Nc8 13. h3 Bh5 14. Bf4 a6 15.
Qd2 Bf6 16. g4 Bg6 17. Rad1 h6 18. Bd3 Be4 19. Bxe4 dxe4 20. Ne5 Bxe5 21. dxe5
Qxd2 22. Rxd2 Nxe5 23. Bxe5 Rxe5 24. Rd8+ Kh7 25. b4 a5 26. a3 c6 27. Re1 axb4
28. axb4 e3 29. Rxe3 Rxe3 30. fxe3 Nb6 31. Rxa8 Nxa8 32. Ne4 b6 33. Nd6 bxc5
34. bxc5 f6 35. Nc8 Nc7 36. Ne7 Ne6 37. Nxc6 Nxc5 38. Ne7 g6 39. h4 Nd3 40. Kg2
Ne5 41. Kg3 Nc4 42. Nd5 Kg7 43. h5 g5 44. e4 Kf7 45. Kf3 Ne5+ 46. Kg3 Nc4 47.
Kf3 1/2-1/2

[Event "Open A"]
[Site "?"]
[Date "2007.??.??"]
[Round "5.33"]
[White "Horyna, Josef"]
[Black "Feierfeil, Jiri"]
[Result "0-1"]
[WhiteElo "1893"]
[BlackElo "1978"]
[PlyCount "44"]
[EventDate "2007.??.??"]

1. d4 f5 2. g3 Nf6 3. Bg2 d5 4. Nh3 e6 5. O-O c5 6. c4 cxd4 7. cxd5 e5 8. e3
dxe3 9. Bxe3 Bd6 10. Nc3 a6 11. Qb3 O-O 12. Ng5 Qe7 13. Ne6 Re8 14. Rac1 b5 15.
a4 b4 16. Nb1 Bb7 17. Nc7 Nbd7 18. Nxa8 Bxa8 19. a5 e4 20. Qc4 Bb7 21. Bh3 Ne5
22. Qd4 Nf3+ 0-1

[Event "Open A"]
[Site "?"]
[Date "2007.??.??"]
[Round "5.22"]
[White "Schmalz, Michal"]
[Black "Innemann, Frantisek"]
[Result "1/2-1/2"]
[WhiteElo "1797"]
[BlackElo "1903"]
[PlyCount "50"]
[EventDate "2007.??.??"]

1. e4 e6 2. d4 d5 3. Nd2 Nf6 4. e5 Nfd7 5. Bd3 c5 6. c3 Nc6 7. Ne2 cxd4 8. cxd4
Qb6 9. Nf3 Bb4+ 10. Bd2 Bxd2+ 11. Qxd2 Qb4 12. a3 Qxd2+ 13. Kxd2 Nb6 14. Ng5 h6
15. Nf3 Bd7 16. Nc3 Na5 17. Ke2 Rc8 18. Nd2 Ke7 19. b4 Nac4 20. Rhc1 Nxd2 21.
Kxd2 Nc4+ 22. Bxc4 Rxc4 23. Ne2 Rhc8 24. Rxc4 Rxc4 25. Rc1 Bb5 1/2-1/2

[Event "Open A"]
[Site "?"]
[Date "2007.??.??"]
[Round "5.14"]
[White "Tejkal, Jiri"]
[Black "Pospisil, Evzen"]
[Result "1/2-1/2"]
[WhiteElo "2018"]
[BlackElo "2127"]
[PlyCount "36"]
[EventDate "2007.??.??"]

1. d4 Nf6 2. Nf3 e6 3. c4 c5 4. d5 exd5 5. cxd5 d6 6. Nc3 g6 7. e4 Bg7 8. Be2
O-O 9. O-O Na6 10. Nd2 Nc7 11. f4 Re8 12. a4 b6 13. Bf3 Rb8 14. Re1 Bf8 15. Nc4
Ba6 16. Na3 Bb7 17. Nab5 a6 18. Na3 Ba8 1/2-1/2

[Event "Open A"]
[Site "?"]
[Date "2007.??.??"]
[Round "5.32"]
[White "Kaiser, Rudolf"]
[Black "Lavrincik, Pavel"]
[Result "1/2-1/2"]
[WhiteElo "1948"]
[BlackElo "1993"]
[PlyCount "55"]
[EventDate "2007.??.??"]

1. e4 d6 2. d4 Nf6 3. Nc3 g6 4. f4 Bg7 5. Nf3 c5 6. Bb5+ Bd7 7. e5 Ng4 8. h3
cxd4 9. Qxd4 Bxb5 10. Nxb5 Nc6 11. Qa4 Nh6 12. exd6 exd6 13. Qe4+ Ne7 14. O-O
d5 15. Qe2 O-O 16. g4 Nc6 17. c3 Re8 18. Qd3 f5 19. g5 Nf7 20. Be3 a6 21. Nbd4
Nd6 22. Rad1 Ne4 23. Ne2 Ne7 24. Bd4 Qc7 25. Bxg7 Kxg7 26. Qd4+ Kg8 27. Ne5
Rad8 28. Kg2 1/2-1/2

[Event "Open A"]
[Site "?"]
[Date "2007.??.??"]
[Round "5.13"]
[White "Lizner, Milan"]
[Black "Fojtu, Jan"]
[Result "1/2-1/2"]
[WhiteElo "2140"]
[BlackElo "2019"]
[PlyCount "62"]
[EventDate "2007.??.??"]

1. e4 c5 2. Bc4 Nc6 3. Nf3 e6 4. d4 cxd4 5. Nxd4 Nf6 6. Nxc6 bxc6 7. e5 Qa5+ 8.
c3 Qxe5+ 9. Be3 Bc5 10. Qf3 Bxe3 11. fxe3 Rb8 12. Bb3 Ba6 13. Nd2 d5 14. O-O-O
O-O 15. Bc2 Rb6 16. Nb3 Rfb8 17. Rd2 Bc4 18. g3 a5 19. Bb1 a4 20. Nc5 Qxc3+ 21.
Rc2 Rxb2 22. Rxc3 Rxb1+ 23. Kd2 R1b5 24. Qf4 e5 25. Qxe5 Re8 26. Qxe8+ Nxe8 27.
Nxa4 Ra5 28. Nb6 Rxa2+ 29. Rc2 Rxc2+ 30. Kxc2 Bb5 31. Ra1 Kf8 1/2-1/2

[Event "Open A"]
[Site "?"]
[Date "2007.??.??"]
[Round "5"]
[White "Sodoma, Jan"]
[Black "Vrana, Jan"]
[Result "1-0"]
[WhiteElo "2334"]
[BlackElo "2271"]
[PlyCount "53"]
[EventDate "2007.??.??"]

1. e4 e5 2. Nf3 Nc6 3. Bb5 a6 4. Ba4 d6 5. c3 f5 6. exf5 Bxf5 7. d4 e4 8. Qe2
Be7 9. Nfd2 d5 10. f3 exf3 11. Nxf3 b5 12. Bc2 Bxc2 13. Qxc2 Nf6 14. O-O Ne4
15. Nbd2 Nxd2 16. Nxd2 Bf6 17. Qf5 Ne7 18. Qh5+ g6 19. Qe2 O-O 20. Qe6+ Kg7 21.
Nb3 Nf5 22. Nc5 Be7 23. Qe5+ Bf6 24. Ne6+ Kg8 25. Rxf5 Qe7 26. Rxf6 Rxf6 27.
Bg5 1-0

[Event "Open A"]
[Site "?"]
[Date "????.??.??"]
[Round "5.16"]
[White "Voracek, Zdenek"]
[Black "Fikr, Lukas"]
[Result "0-1"]
[WhiteElo "2061"]
[BlackElo "2131"]
[PlyCount "52"]

1. d4 Nf6 2. c4 g6 3. Nc3 Bg7 4. e4 d6 5. f3 O-O 6. Be3 e5 7. Nge2 c6 8. Qd2
Nbd7 9. Rd1 Qe7 10. Nc1 b6 11. Be2 Bb7 12. O-O Rad8 13. Nb3 d5 14. Bg5 dxc4 15.
Bxc4 exd4 16. Nxd4 Ne5 17. Qe2 Qc5 18. Bb3 Nxf3+ 19. Qxf3 Qxg5 20. Kh1 Qh5 21.
e5 Ng4 22. Bxf7+ Kh8 23. h3 Nxe5 24. Qxh5 gxh5 25. Bxh5 Rxf1+ 26. Rxf1 Rxd4 0-1

[Event "Open A"]
[Site "?"]
[Date "????.??.??"]
[Round "5.10"]
[White "Kubikova, Hana"]
[Black "Marsalek, Lubos"]
[Result "1/2-1/2"]
[WhiteElo "2187"]
[BlackElo "2028"]
[PlyCount "78"]

1. f4 d5 2. b3 Nf6 3. Nf3 Bf5 4. e3 c5 5. Bb2 e6 6. Bb5+ Nc6 7. O-O Qb6 8.
Bxc6+ bxc6 9. Ne5 h5 10. Nc3 c4 11. Na4 Qb5 12. Qc1 Ne4 13. d3 Nd6 14. e4 Bh7
15. Bd4 f6 16. Nf3 dxe4 17. dxc4 Qf5 18. Nh4 Qg4 19. Qe1 Nf5 20. Nxf5 Bxf5 21.
Qe3 h4 22. Rae1 Bb4 23. c3 Bd6 24. Bc5 Bc7 25. Rd1 Rh6 26. h3 Qh5 27. Bd6 Rd8
28. c5 Rg6 29. Rd4 Rg3 30. Qe1 Bxd6 31. cxd6 Bxh3 32. Qxe4 Rxg2+ 33. Kh1 Qg4
34. Qxc6+ Kf8 35. Rd3 Qe2 36. Qf3 Rh2+ 37. Kg1 Rg2+ 38. Kh1 Rh2+ 39. Kg1 Rg2+
1/2-1/2

[Event "Open A"]
[Site "?"]
[Date "2007.08.28"]
[Round "5.26"]
[White "Matejovsky, Ondrej"]
[Black "Svitak, David"]
[Result "0-1"]
[WhiteElo "2088"]
[BlackElo "1769"]
[PlyCount "34"]
[EventDate "2007.08.28"]
[SourceDate "2007.08.28"]

1. e4 c5 2. Nf3 d6 3. Bb5+ Bd7 4. Bxd7+ Nxd7 5. O-O Ngf6 6. Re1 e6 7. c4 Be7 8.
d4 cxd4 9. Nxd4 O-O 10. Nc3 a6 11. Be3 Ne5 12. Qb3 Qc7 13. Rac1 Nd3 14. Ncb5
Nxc1 15. Nxc7 Nxb3 16. Nxb3 Rac8 17. Bb6 Bd8 0-1

[Event "Open A"]
[Site "?"]
[Date "2007.08.28"]
[Round "5.29"]
[White "Hlavnicka, Jan"]
[Black "Vorackova, Jarmila"]
[Result "1/2-1/2"]
[WhiteElo "1996"]
[BlackElo "1886"]
[PlyCount "51"]
[EventDate "2007.08.28"]
[SourceDate "2007.08.28"]

1. e4 c6 2. d4 d5 3. Nd2 dxe4 4. Nxe4 Bf5 5. Ng3 Bg6 6. Nf3 Nd7 7. Bf4 Qa5+ 8.
c3 Ngf6 9. Bd3 Nd5 10. Ne2 Bxd3 11. Qxd3 Nxf4 12. Nxf4 e6 13. O-O Bd6 14. Qd2
O-O 15. Rfe1 Rad8 16. Nd3 Rfe8 17. Nde5 c5 18. Nc4 Qc7 19. Nxd6 Qxd6 20. Re4
Nf6 21. Rh4 e5 22. Re1 cxd4 23. cxd4 e4 24. Ng5 Qxd4 25. Qxd4 Rxd4 26. f3
1/2-1/2

[Event "Open A"]
[Site "?"]
[Date "2007.08.28"]
[Round "5.5"]
[White "Kozak, Milos"]
[Black "Keller, Daniel"]
[Result "1-0"]
[WhiteElo "2213"]
[BlackElo "2139"]
[PlyCount "40"]
[EventDate "2007.08.28"]
[SourceDate "2007.08.28"]

1. c4 d6 2. Nc3 Nf6 3. g3 c6 4. Bg2 Bg4 5. h3 Bh5 6. f4 e6 7. g4 Bg6 8. e4 h6
9. Nge2 Be7 10. d4 Nbd7 11. Be3 Qc7 12. Qd2 O-O-O 13. a4 e5 14. d5 Nc5 15. Ra3
Qa5 16. O-O Nfd7 17. dxc6 bxc6 18. Nd5 Qxd2 19. Nxe7+ Kb7 20. Bxd2 Rhe8 1-0